FIFA 20 - Swiss Player Names - Statistics

General Stats
  • This quiz has been taken 135 times
  • The average score is 8 of 12
Answer Stats
Surname Name % Correct
Xhaka Granit
94%
Akanji Manuel
90%
Schär Fabian
80%
Zakaria Denis
78%
Shaqiri Xherdan
73%
Sommer Yann
73%
Bürki Roman
60%
Lichtsteiner Stephan
58%
Embolo Breel
57%
Frei Fabian
57%
Elvedi Nico
55%
Mbabu Kevin
53%
Rodríguez Ricardo
50%
İnler Gokhan
47%
Hitz Marwin
47%
Seferović Haris
45%
Benaglio Diego
41%
Mehmedi Admir
38%
Drmić Josip
33%
Zuber Steven
33%
Behrami Valon
29%
Fernandes Gelson
22%
Lang Michael
21%
Mvogo Yvon
13%
Jevtić Darko
10%
No matching quizzes found
Score Distribution
Percent of People with Each Score
Percentile by Number Answered
Your Score History
You have not taken this quiz